[Event "Troya op 23rd"]
[Site "Canakkale"]
[Date "2015.08.09"]
[Round "2"]
[White "Kuru, Ferhat"]
[Black "Ozenir, Ekin Baris"]
[Result "0-1"]
[WhiteElo "1690"]
[BlackElo "1832"]
[PlyCount "78"]
[EventDate "2015.08.08"]
[EventType "swiss"]
[EventRounds "9"]
[EventCountry "TUR"]
[SourceTitle "CBM 167 Extra"]
[Source "ChessBase"]
[SourceDate "2015.09.14"]
[SourceVersion "1"]
[SourceVersionDate "2015.09.14"]
[SourceQuality "1"]

1. e4 e6 2. b3 d5 3. Bb2 Nf6 4. e5 Nfd7 5. f4 c5 6. Qg4 Nc6 7. Nf3 a6 8. Be2 b5 9. 0-0 g6 10. Ng5 Nb6 11. Nc3 Nd4 12. Bd1 h6 13. Nf3 Nf5 14. a4 bxa4 15. Nxa4 Nxa4 16. Rxa4 Bd7 17. Ra2 Bb5 18. Re1 c4 19. h4 Bc5+ 20. Kh1 h5 21. Qh3 Bf2 22. Be2 Ng3+ 23. Kh2 Bxe1 24. Nxe1 Nxe2 25. g3 cxb3 26. cxb3 Rc8 27. Ba3 Nd4 28. Qg2 Nf5 29. Nf3 Bd3 30. Ne1 Bb1 31. Ra1 Be4 32. Qf2 d4 33. Qe2 Bb7 34. Nd3 Nxh4 35. Nc5 Rxc5 36. Bxc5 Nf3+ 37. Kg2 Qd5 38. b4 h4 39. g4 Nxd2+ 0-1

[Event "Troya op 23rd"]
[Site "Canakkale"]
[Date "2015.08.08"]
[Round "1"]
[White "Bacak, Muhammed Kaan"]
[Black "Kuru, Ferhat"]
[Result "1-0"]
[WhiteElo "1970"]
[BlackElo "1690"]
[PlyCount "125"]
[EventDate "2015.08.08"]
[EventType "swiss"]
[EventRounds "9"]
[EventCountry "TUR"]
[SourceTitle "CBM 167 Extra"]
[Source "ChessBase"]
[SourceDate "2015.09.14"]
[SourceVersion "1"]
[SourceVersionDate "2015.09.14"]
[SourceQuality "1"]

1. d4 e6 2. c4 f5 3. g3 Nf6 4. Bg2 Bb4+ 5. Bd2 Qe7 6. Nf3 0-0 7. 0-0 a5 8. Bf4 Bd6 9. Bxd6 Qxd6 10. Nc3 Qe7 11. Qc2 Nc6 12. e4 fxe4 13. Nxe4 b6 14. Rfe1 Bb7 15. a3 Nxe4 16. Rxe4 Nd8 17. d5 Nf7 18. Rd1 Nd6 19. Re3 Nf5 20. Re2 Qf6 21. Ne5 Rad8 22. f4 h5 23. Be4 exd5 24. cxd5 d6 25. Nf3 Rd7 26. Qd3 Re7 27. Bxf5 Rxe2 28. Bh7+ Kh8 29. Qxe2 Kxh7 30. Ng5+ Kg8 31. Qxh5 Qf5 32. Rd2 Qb1+ 33. Qd1 Qf5 34. Qc2 Bxd5 35. Qxf5 Rxf5 36. g4 Rxf4 37. Rxd5 c6 38. Rd3 Rxg4+ 39. Rg3 Rd4 40. Rg2 Rd3 41. Kf2 Rb3 42. Ke1 d5 43. Kd1 g6 44. Ne6 c5 45. Nf4 Kf7 46. Nxd5 Ke6 47. Nf4+ Kf5 48. Nxg6 b5 49. Ne7+ Kf4 50. Nd5+ Ke4 51. Nc3+ Kf4 52. Kc2 c4 53. Rg3 Kf5 54. Ne2 Rxg3 55. hxg3 b4 56. axb4 axb4 57. Nd4+ Kg4 58. Nc6 b3+ 59. Kc3 Kxg3 60. Kxc4 Kf4 61. Kxb3 Ke4 62. Kb4 Kd5 63. Kb5 1-0